Largest Islands by Letter - J - Statistics

General Stats
  • This quiz has been taken 53 times
    35 since last reset
  • The average score is 4 of 6
Answer Stats
Area (sq km) Country Answer % Correct
11,190 Jamaica Jamaica
100%
138,794 Indonesia Java
100%
1,826 South Korea Jeju Island
89%
2,237 Cuba Isla de la {Juventud}
61%
2,598 None (Antarctica) James Ross Island
7%
1,607 None (Antarctica) Joinville Island
7%
No matching quizzes found
Score Distribution
Percent of People with Each Score
Percentile by Number Answered
Your Score History
You have not taken this quiz since the last reset